000 00936nam a2200229Ii 4500
003 JO-AjNU
008 230605s9999||||xx |||||||||||||| ||und||
017 _a2009/9175
020 _a978-977-477-021-0
040 _aJO-AjNU
_bara
_erda
_cJO-AjNU
041 _aara
050 1 4 _aHG4012.5.N34 2009
100 3 _aاعداد: نائب،ابراهيم ، انعام باقية,
_eauthor
_933786
245 0 0 _aتطبيقات حاسوبية في العلوم المالية والمصرفية
250 _aط1
264 3 1 _aالقاهرة: الشركة العربية المتحدة للتسويق والتوريدات، 2009
300 _a356ص
_bيحتوي على ببلوغرافية وقائمة مصطلحات من 355-356ص
336 _atext
_btxt
_2rdacontent
337 _aunmediated
_bn
_2rdamedia
338 _avolume
_bnc
_2rdacarrier
650 4 _a المالية - معالجة البيانات إلكترونيا
_933787
999 _aA13786
_c17354
_d17354